Normal view
MARC view
Entry Personal Name
001 - CONTROL NUMBER
- control field: 48437
003 - CONTROL NUMBER IDENTIFIER
- control field: OSt
005 - DATE AND TIME OF LATEST TRANSACTION
- control field: 20241018165610.0
008 - FIXED-LENGTH DATA ELEMENTS
- fixed length control field: 241018|| aca||aabn | a|a d
040 ## - CATALOGING SOURCE
- Original cataloging agency: OSt
- Transcribing agency: OSt
100 ## - HEADING--PERSONAL NAME
- Personal name: Brown, A.J., Deem, Jacob and Kincaid, John
670 ## - SOURCE DATA FOUND
- Source citation: Work cat.: (OSt)525046: Brown, A.J., Deem, Jacob and Kincaid, John , Federal constitutional values and citizen attitudes to government: Explaining federal system viability and reform preferences in eight countries
